000 00491nam a2200181Ia 4500
005 20250923144508.0
008 008 250917s9999 xx 000 0 eng d
037 _aTextual
040 _aDSWL
_beng
_cDSWL
041 _aeng
_2eng
084 _qDSWL
100 _aBisno, Herbert
_9825455
245 0 _aPhilosophy of social work
_cby Herbert Bisno
260 _aNew York
_b Public Affairs Press
_c1952
300 _ax,143p.
942 _cTEXL
999 _c1439626
_d1439626